Systém zdravotníctva z pohľadu zdravotnej poisťovne bakalárska práca

Enregistré dans:
Détails bibliographiques
Auteur principal: Záňová, Mária
Collectivité auteur: Národohospodárska fakulta EU. Katedra financií
Autres auteurs: Kuchta, Ľuboš
Format: Livre
Langue:slovaque
Publié: Bratislava 2010
Tags: Ajouter un tag
Pas de tags, Soyez le premier à ajouter un tag!

MARC

LEADER 00000nbm a2200000 4500
001 0133163
005 20161109111510.5
041 0 |a slo 
044 |a SK 
245 1 0 |a Systém zdravotníctva z pohľadu zdravotnej poisťovne  |b bakalárska práca  |c Mária Záňová ; školiteľ: Ľuboš Kuchta 
264 1 |a Bratislava  |c 2010 
300 |a 34 s. 
100 1 |a Záňová, Mária 
700 1 |a Kuchta, Ľuboš 
710 2 |a Národohospodárska fakulta EU. Katedra financií